Combien de ville de l'Essonne (91) connais-tu ? - Statistiques

Statistiques générales
  • Ce quiz a été pris 97 fois
  • Le résultat moyen est 33 sur 194
Statistiques - réponses
Code postal Ville % Correct
91002 Évry-Courcouronnes
84%
91300 Massy
71%
91150 Étampes
66%
91700 Sainte-Geneviève-des-Bois
66%
91040 Grigny
64%
91600 Savigny-sur-Orge
61%
91120 Palaiseau
60%
91100 Corbeil-Essonnes
57%
91260 Juvisy-sur-Orge
56%
91220 Brétigny-sur-Orge
55%
91240 Saint-Michel-sur-Orge
55%
91130 Ris-Orangis
52%
91295 Arpajon
51%
91200 Athis-Mons
51%
91410 Dourdan
51%
91162 Longjumeau
51%
91330 Yerres
49%
91940 Les Ulis
48%
91360 Épinay-sur-Orge
44%
91170 Viry-Châtillon
44%
91542 Mennecy
43%
91800 Brunoy
40%
91705 Fleury-Mérogis
39%
91230 Montgeron
39%
91040 Morsang-sur-Orge
39%
91898 Orsay
39%
91210 Draveil
38%
91190 Gif-sur-Yvette
38%
91310 Linas
38%
91420 Morangis
35%
91270 Vigneux-sur-Seine
35%
91380 Chilly-Mazarin
34%
91520 Égly
32%
91010 Lisses
32%
91070 Bondoufle
30%
91580 Étréchy
30%
91310 Montlhéry
30%
91510 Lardy
29%
91140 Villebon-sur-Yvette
29%
91620 La Ville-du-Bois
27%
91460 Marcoussis
27%
91180 Saint-Germain-lès-Arpajon
27%
91650 Breuillet
25%
91230 Crosne
25%
91400 Saclay
25%
91250 Tigery
25%
91800 Boussy-Saint-Antoine
23%
91310 Longpont-sur-Orge
23%
91490 Milly-la-Forêt
23%
91480 Quincy-sous-Sénart
23%
91160 Ballainvilliers
22%
91440 Bures-sur-Yvette
22%
91430 Igny
22%
91450 Soisy-sur-Seine
22%
91320 Wissous
22%
91670 Angerville
21%
91630 Avrainville
21%
91730 Chamarande
21%
91590 La Ferté-Alais
21%
91290 La Norville
21%
91551 Paray-Vieille-Poste
21%
91250 Saint-Germain-lès-Corbeil
21%
91610 Ballancourt-sur-Essonne
19%
91160 Champlan
19%
91470 Limours
18%
91620 Nozay
18%
91530 Saint-Chéron
18%
91100 Villabé
18%
91470 Angervilliers
17%
91760 Itteville
17%
91370 Verrières-le-Buisson
17%
91810 Vert-le-Grand
17%
91710 Vert-le-Petit
17%
91860 Épinay-sous-Sénart
16%
91450 Étiolles
16%
91830 Le Coudray-Montceaux
16%
91630 Marolles-en-Hurepoix
16%
91540 Ormoy
16%
91570 Bièvres
14%
91720 Maisse
14%
91250 Saintry-sur-Seine
14%
91160 Saulx-les-Chartreux
14%
91360 Villemoisson-sur-Orge
14%
91700 Villiers-sur-Orge
14%
91640 Briis-sous-Forges
13%
91630 Cheptainville
13%
91220 Le Plessis-Pâté
13%
91280 Saint-Pierre-du-Perray
13%
91480 Varennes-Jarcy
13%
91790 Boissy-sous-Saint-Yon
12%
91400 Gometz-la-Ville
12%
91140 Villejust
12%
91820 Boutigny-sur-Essonne
10%
91940 Gometz-le-Châtel
10%
91530 Le Val-Saint-Germain
10%
91250 Morsang-sur-Seine
10%
91840 Soisy-sur-École
10%
91590 Baulne
9%
91850 Bouray-sur-Juine
9%
91680 Bruyères-le-Châtel
9%
91590 Cerny
9%
91640 Janvry
9%
91630 Leudeville
9%
91150 Morigny-Champigny
9%
91340 Ollainville
9%
91740 Pussay
9%
91690 Saclas
9%
91770 Saint-Vrain
9%
91530 Sermaise
9%
91590 Boissy-le-Cutté
8%
91870 Boissy-le-Sec
8%
91880 Bouville
8%
91470 Forges-les-Bains
8%
91410 La Forêt-le-Roi
8%
91470 Les Molières
8%
91310 Leuville-sur-Orge
8%
91190 Saint-Aubin
8%
91430 Vauhallan
8%
91190 Villiers-le-Bâcle
8%
91150 Abbéville-la-Rivière
6%
91410 Authon-la-Plaine
6%
91830 Auvernaux
6%
91580 Auvers-Saint-Georges
6%
91650 Breux-Jouy
6%
91780 Chalo-Saint-Mars
6%
91750 Champcueil
6%
91580 Chauffour-lès-Étréchy
6%
91750 Chevannes
6%
91410 Corbreuse
6%
91490 Dannemois
6%
91540 Écharcon
6%
91540 Fontenay-le-Vicomte
6%
91630 Guibeville
6%
91410 Saint-Cyr-sous-Dourdan
6%
91530 Saint-Maurice-Montcouronne
6%
91650 Saint-Yon
6%
91730 Torfou
6%
91640 Vaugrigneuse
6%
91720 Boigneville
5%
91690 Boissy-la-Rivière
5%
91740 Chalou-Moulineux
5%
91590 D'Huison-Longueville
5%
91640 Fontenay-lès-Briis
5%
91720 Gironville-sur-Essonne
5%
91510 Janville-sur-Juine
5%
91150 La Forêt-Sainte-Croix
5%
91410 Les Granges-le-Roi
5%
91730 Mauchamps
5%
91780 Mérobert
5%
91590 Mondeville
5%
91410 Roinville
5%
91940 Saint-Jean-de-Beauregard
5%
91580 Villeneuve-sur-Auvers
5%
91690 Arrancourt
4%
91150 Boutervilliers
4%
91720 Buno-Bonnevaux
4%
91720 Courdimanche-sur-Essonne
4%
91680 Courson-Monteloup
4%
91690 Fontaine-la-Rivière
4%
91690 Guillerval
4%
91660 Le Mérévillois
4%
91930 Monnerville
4%
91750 Nainville-les-Roches
4%
91470 Pecqueuse
4%
91410 Saint-Escobille
4%
91580 Souzy-la-Briche
4%
91720 Valpuiseaux
4%
91580 Villeconin
4%
91150 Blandy
3%
91150 Bois-Herpin
3%
91470 Boullay-les-Troux
3%
91150 Brières-les-Scellés
3%
91150 Brouy
3%
91150 Champmotteux
3%
91410 Chatignonville
3%
91740 Congerville-Thionville
3%
91490 Courances
3%
91590 Guigneville-sur-Essonne
3%
91490 Moigny-sur-École
3%
91150 Ormoy-la-Rivière
3%
91590 Orveau
3%
91410 Plessis-Saint-Benoist
3%
91410 Richarville
3%
91690 Saint-Cyr-la-Rivière
3%
91150 Marolles-en-Beauce
1%
91150 Mespuits
1%
91490 Oncy-sur-École
1%
91720 Prunay-sur-Essonne
1%
91780 Saint-Hilaire
1%
91910 Saint-Sulpice-de-Favières
1%
91890 Videlles
1%
91150 Puiselet-le-Marais
0%
91150 Roinvilliers
0%
91820 Vayres-sur-Essonne
0%
Aucun quiz correspondant
Distribution des résultats
% des personnes avec chaque résultat
Percentile par nombre de réponses
Votre historique - résultats
Vous n’avez pas pris ce quiz